Online
Catalog

El desarrollo del capitalismo en Rusia : (Record no. 13849)

MARC details
000 -CABECERA
campo de control de longitud fija 01044cam a2200265 a 4500
001 - NÚMERO DE CONTROL
campo de control 000014251
005 - FECHA Y HORA DE LA ÚLTIMA TRANSACCIÓN
campo de control 20240404204714.0
008 - DATOS DE LONGITUD FIJA--INFORMACIÓN GENERAL
campo de control de longitud fija 910125s1974 ru 001 0 spa d
035 ## - NÚMERO DE CONTROL DEL SISTEMA
Número de control de sistema (DLC)ltf90032847
040 ## - FUENTE DE LA CATALOGACIÓN
Centro catalogador/agencia de origen DO-SdBNP
Lengua de catalogación spa
Centro/agencia transcriptor BNPHU
Centro/agencia modificador DLC
041 17 - CÓDIGO DE LENGUA
Código de lengua del texto/banda sonora o título independiente spa
Código de lengua original rus
Fuente del código Código de idioma MARC
082 ## - NÚMERO DE LA CLASIFICACIÓN DECIMAL DEWEY
Número de clasificación 330.122
Número de documento/Ítem L566d
049 ## - FONDOS LOCALES (OCLC)
Fondos de biblioteca BNGR
100 1# - ENTRADA PRINCIPAL--NOMBRE DE PERSONA
Nombre de persona Lenin, Vladimir Ilich,
Fechas asociadas al nombre 1870-1924.
9 (RLIN) 32113
240 10 - TÍTULO UNIFORME
Título uniforme РАЗВИТIЕ КАПИТАЛИЗМА.
Lenguaje de la obra Español
245 13 - MENCIÓN DE TÍTULO
Título El desarrollo del capitalismo en Rusia :
Resto del título el proceso de la formación de un mercado interior para la gran industria /
Mención de responsabilidad, etc. Lenin Vladimir Ilich.
260 ## - PUBLICACIÓN, DISTRIBUCIÓN, ETC.
Lugar de publicación, distribución, etc. Moscú :
Nombre del editor, distribuidor, etc. Progreso,
Fecha de publicación, distribución, etc. 1974.
300 ## - DESCRIPCIÓN FÍSICA
Extensión 695 p. :
Otras características físicas il. ;
Dimensiones 21 cm.
504 ## - NOTA DE BIBLIOGRAFÍA, ETC.
Nota de bibliografía, etc. Incluye referencias bibliográficas y notas al pie de las páginas.
534 ## - NOTA SOBRE LA VERSIÓN ORIGINAL
Encabezamiento principal del original Título original en Ruso:
Mención de título del original РАЗВИТИЕ КАПИТАЛИЗМА.
650 #0 - PUNTO DE ACCESO ADICIONAL DE MATERIA--TÉRMINO DE MATERIA
Término de materia o nombre geográfico como elemento de entrada Capitalismo
9 (RLIN) 280
650 #4 - PUNTO DE ACCESO ADICIONAL DE MATERIA--TÉRMINO DE MATERIA
Término de materia o nombre geográfico como elemento de entrada Rusia
Subdivisión general Aspecto económico
9 (RLIN) 32182
650 #4 - PUNTO DE ACCESO ADICIONAL DE MATERIA--TÉRMINO DE MATERIA
Término de materia o nombre geográfico como elemento de entrada Rusia
Subdivisión general Condiciones sociales
9 (RLIN) 32183
910 ## - DATOS DE OPCIÓN DEL USUARIO (OCLC)
Datos de opción del usuario Catalogación derivada / LC
Holdings
Estado de retiro Estado de pérdida Restricciones de uso No para préstamo Código de colección Localización permanente Ubicación/localización actual Ubicación en estantería Fecha de adquisición Número de inventario Total de préstamos Signatura topográfica completa Código de barras Fecha visto por última vez Precio válido a partir de Tipo de ítem Koha
    Préstamo interno   Monografías: Libros y Folletos General General En catalogación 08.12.2009 LF1   330.122 L566d 14251-10 25.06.2020 25.06.2020 Préstamo interno

Powered by Koha